Software engineer's reference book / (Record no. 175186)
[ view plain ]
| 000 -LEADER | |
|---|---|
| fixed length control field | 00749 a2200205 4500 |
| 003 - CONTROL NUMBER IDENTIFIER | |
| control field | Nust |
| 005 - DATE AND TIME OF LATEST TRANSACTION | |
| control field | 20220811102708.0 |
| 010 ## - LIBRARY OF CONGRESS CONTROL NUMBER | |
| LC control number | 92038052 |
| 020 ## - INTERNATIONAL STANDARD BOOK NUMBER | |
| International Standard Book Number | 0849377668 (pbk.) |
| 040 ## - CATALOGING SOURCE | |
| Transcribing agency | Nust |
| 082 00 - DEWEY DECIMAL CLASSIFICATION NUMBER | |
| Classification number | 005.1,SOF |
| 100 ## - MAIN ENTRY--PERSONAL NAME | |
| Personal name | John A. McDermid. |
| 9 (RLIN) | 95735 |
| 245 00 - TITLE STATEMENT | |
| Title | Software engineer's reference book / |
| Statement of responsibility, etc. | edited by John A. McDermid. |
| 260 ## - PUBLICATION, DISTRIBUTION, ETC. | |
| Place of publication, distribution, etc. | Boca Raton : |
| Name of publisher, distributor, etc. | CRC Press, |
| Date of publication, distribution, etc. | 1993. |
| 300 ## - PHYSICAL DESCRIPTION | |
| Extent | 1 v. (various pagings) : |
| Other physical details | ill. ; |
| Dimensions | 25 cm. |
| 505 ## - FORMATTED CONTENTS NOTE | |
| Miscellaneous information | Part I: Theory and Mathematics (Page-1), Part II: Methods, Techniques and Technology (Page-15), Part III: Principles of Applications (Page-51). |
| 650 #0 - SUBJECT ADDED ENTRY--TOPICAL TERM | |
| Topical term or geographic name entry element | Software engineering |
| General subdivision | Handbooks, manuals, etc. |
| 9 (RLIN) | 95736 |
| 700 1# - ADDED ENTRY--PERSONAL NAME | |
| Personal name | McDermid, John. |
| 9 (RLIN) | 95737 |
| 942 ## - ADDED ENTRY ELEMENTS (KOHA) | |
| Koha item type | Reference |
| Source of classification or shelving scheme | |
| Call number prefix | 005.1,SOF |
| Withdrawn status | Lost status | Source of classification or shelving scheme | Damaged status | Not for loan | Permanent Location | Current Location | Shelving location | Date acquired | Full call number | Barcode | Date last seen | Price effective from | Koha item type | Public note |
|---|---|---|---|---|---|---|---|---|---|---|---|---|---|---|
| Military College of Signals (MCS) | Military College of Signals (MCS) | General Stacks | 12/12/2016 | 005.1,SOF | MCS27121 | 12/08/2016 | 12/12/2016 | Book | Almirah No.3, Shelf No.6 |
